00476nam a2200157Ia 450000500170000000800410001708200130005810000160007124500170008726000430010430000130014750000380016094200060019895200990020499900150030320250508050721.0240331s9999 xx 000 0 und d bMAHa891 aMahendran,K 0aPirasavangal aTellippalaibSivan Kalvi Nilayamc1986 a125 p ., aA Short Story Collection in Tamil cL 001040708LaWERCLbWERCLcSSCd2024-03-31l0o 894.811 MAHp6294r2024-03-31w2024-03-31yL c4584d4584